00571nam a2200169Ia 4500008004100000041000800041082001600049100001500065245002800080260002800108300000800136365001500144700003000159906003100189999001900220952016200239230718s9999 xx 000 0 und d aeng a621.38bBHI aBhide S.D. aLinear Circuit Analysis c1993bShree Publication a176 cRs.b80.00 aBhide S.D. & Tokekar M.K. dB:80108-Nov-1993cETC b12 c291530d291530 01104070aCCEPbCCEPd1993-11-09ePradeep Book DistributorsfETC g68.00i801o621.38pCCEP-BK-2630r2023-07-18 00:00:00t12v80.00w1993-11-08yBKz002630